The Golden Frog Games / Claribel A. Ortega.
Available copies
- 1 of 1 copy available at LARL/NWRL Consortium. (Show)
- 1 of 1 copy available at Lake Agassiz Regional Library.
Current holds
0 current holds with 1 total copy.
Show Only Available Copies
| Location | Call Number / Copy Notes | Barcode | Shelving Location | Status | Due Date |
|---|---|---|---|---|---|
| Moorhead Public Library | J ORT (Text) | 33500014072896 | Main | Available | - |
Record details
- ISBN: 1338745808
- ISBN: 9781338745801
- ISBN: 9781338745795
- Physical Description: 373 pages ; 20 cm
- Edition: First edition.
- Publisher: New York : Scholastic Inc., 2024.
Content descriptions
| Summary, etc.: | Ravenskill is hosting the Golden Frog Games, a ... Read More |
| Target Audience Note: | Ages 8-12. Scholastic Inc. Grades 4-6. Scholastic Inc. |
Search for related items by subject
| Genre: | Children's stories. Junior fiction. Fantasy fiction. Paranormal fiction. |
Search for related items by series
| LDR | 02445cam a2200613Mi 4500 | ||
|---|---|---|---|
| 001 | 445964 | ||
| 003 | LARL_NWRL_CONSORTIUM | ||
| 005 | 20241011160205.0 | ||
| 008 | 231216s2024 nyu j 000 1 eng d | ||
| 040 | . | ‡aYDX ‡beng ‡cYDX ‡dBDX ‡dOCLCQ ‡dTDS ‡dOCLCO | |
| 020 | . | ‡a1338745808 | |
| 020 | . | ‡a9781338745801 ‡q(paperback) | |
| 020 | . | ‡a9781338745795 ‡q(hardcover) | |
| 035 | . | ‡a(OCoLC)1414370616 | |
| 082 | 0 | 4. | ‡a813.6 ‡qOCoLC ‡223/eng/20221122 |
| 100 | 1 | . | ‡aOrtega, Claribel A., ‡eauthor. |
| 245 | 1 | 4. | ‡aThe Golden Frog Games / ‡cClaribel A. Ortega. |
| 250 | . | ‡aFirst edition. | |
| 264 | 1. | ‡aNew York : ‡bScholastic Inc., ‡c2024. | |
| 300 | . | ‡a373 pages ; ‡c20 cm | |
| 336 | . | ‡atext ‡btxt ‡2rdacontent | |
| 337 | . | ‡aunmediated ‡bn ‡2rdamedia | |
| 338 | . | ‡avolume ‡bnc ‡2rdacarrier | |
| 490 | 0 | . | ‡aWitchlings ; ‡v2 |
| 520 | . | ‡aRavenskill is hosting the Golden Frog Games, a magical tournament, but somebody is using forbidden hexes to turn contestants into stone; meanwhile Seven Salazar, future "uncle" of Ravenskill, who is supposed to have the power to communicate with animals, has a secret--the only voices she hears belong to the deadly monstruos. | |
| 521 | . | ‡aAges 8-12. ‡bScholastic Inc. | |
| 521 | . | ‡aGrades 4-6. ‡bScholastic Inc. | |
| 650 | 0. | ‡aWitches ‡vJuvenile fiction. ‡0(LARL_NWRL_CONSORTIUM)168005 | |
| 650 | 0. | ‡aMagic ‡vJuvenile fiction. ‡0(LARL_NWRL_CONSORTIUM)165990 | |
| 650 | 0. | ‡aFriendship ‡vJuvenile fiction. ‡0(LARL_NWRL_CONSORTIUM)164914 | |
| 650 | 0. | ‡aMonsters ‡vJuvenile fiction. ‡0(LARL_NWRL_CONSORTIUM)166253 | |
| 650 | 0. | ‡aContests ‡vJuvenile fiction. ‡0(LARL_NWRL_CONSORTIUM)171628 | |
| 650 | 0. | ‡aSabotage ‡vJuvenile fiction. | |
| 650 | 1. | ‡aWitches ‡vFiction. ‡0(LARL_NWRL_CONSORTIUM)168002 | |
| 650 | 1. | ‡aMagic ‡vFiction. ‡0(LARL_NWRL_CONSORTIUM)165984 | |
| 650 | 1. | ‡aFriendship ‡vFiction. ‡0(LARL_NWRL_CONSORTIUM)164944 | |
| 650 | 1. | ‡aMonsters ‡vFiction. ‡0(LARL_NWRL_CONSORTIUM)166252 | |
| 650 | 1. | ‡aContests ‡vFiction. | |
| 650 | 1. | ‡aSabotage ‡vFiction. ‡0(LARL_NWRL_CONSORTIUM)174761 | |
| 650 | 7. | ‡aOccult fiction. ‡2sears ‡0(LARL_NWRL_CONSORTIUM)41830 | |
| 655 | 0. | ‡aChildren's stories. | |
| 655 | 4. | ‡aJunior fiction. | |
| 655 | 7. | ‡aFantasy fiction. ‡2lcgft | |
| 655 | 7. | ‡aParanormal fiction. ‡2lcgft | |
| 905 | . | ‡uvanderl | |
| 901 | . | ‡a445964 ‡bAUTOGEN ‡c445964 ‡tbiblio ‡soclc | |

Add to basket
Permalink
Disable Highlighting